- Durkheim, Émile,
Entry Nombre Personal
001 - NUMERO DE CONTROL
- campo de control: 31184
003 - IDENTIFICADOR DE NUMERO DE CONTROL
- campo de control: UPN
005 - FECHA Y HORA DE LA ÜLTIMA TRANSACCIÓN
- campo de control: 20220817115444.0
008 - DATOS DE LONGITUD FIJA
- campo de control de longitud fija: nabaccnnaabn|||||||||| b |nc|||||d
010 ## - NÚMERO DE CONTROL DE LA BIBLIOTECA DEL CONGRESO
- Número de control LC: n 78092050
035 ## - NUMERO DE CONTROL
- Número de control: (OCoLC)oca00227164
040 ## - FUENTE DE CATALOGACIÓN
- Lenguaje de catalogación: spa
- Agencia de transcripción: DLC
- Agencia original de catalogación: DLC
- Agencia que lo modifica: InU
- Agencia que lo modifica: DLC
- Agencia que lo modifica: DLC
- Description conventions: rda
046 ## - FECHAS CON CODIFICACIÓN ESPECIAL
- Fuente del formato de fecha: edtf
- Fecha de nacimiento: 1858-04-15
- Fecha de muerte: 1917-11-15
100 1# - ENCABEZAMIENTO - NOMBRE PERSONAL
- Nombre personal: Durkheim, Émile,
- Fechas asociadas con el nombre: 1858-1917
- Title of a work: Formes élémentaires de la vie religieuse
370 ## - LUGAR ASOCIADO
- Fuente del término: naf
- Place of birth: Épinal (Francia)
- Other associated place: Paris (Francia)
372 ## - CAMPO DE ACTIVIDAD
- Field of activity: Filosofía
373 ## - GRUPO ASOCIADO
- Fuente del término: naf
- Associated group: Université de Paris IV: Paris-Sorbonne
374 ## - OCUPACIÓN
- Occupation: Sociólogo
375 ## - GÉNERO
- Gender: masculino
378 ## - FORMA COMPLETA DE NOMBRE PERSONAL
- Fuller form of personal name: David Émile
400 1# - VEÁSE - NOMBRE DE PERSONA
- Personal name: Tʻu-erh-kan,
- Dates associated with a name: 1858-1917
400 1# - VEÁSE - NOMBRE DE PERSONA
- Personal name: Di︠u︡rkem, E.,
- Dates associated with a name: 1858-1917
400 1# - VEÁSE - NOMBRE DE PERSONA
- Personal name: Durkheim, David Émile,
- Dates associated with a name: 1858-1917
400 1# - VEÁSE - NOMBRE DE PERSONA
- Personal name: Di︠u︡rkgeĭm, Ėmilʹ,
- Dates associated with a name: 1858-1917
400 1# - VEÁSE - NOMBRE DE PERSONA
- Personal name: Dyurukēmu, Emīru,
- Dates associated with a name: 1858-1917
400 1# - VEÁSE - NOMBRE DE PERSONA
- Personal name: Durkheim, Emilio,
- Dates associated with a name: 1858-1917
400 1# - VEÁSE - NOMBRE DE PERSONA
- Personal name: Dirkem, Emil,
- Dates associated with a name: 1858-1917
670 ## - FUENTE EN LA QUE SE LOCALIZARON DATOS
- Cita de la fuente: T
- Información localizada: Salvat universal
670 ## - FUENTE EN LA QUE SE LOCALIZARON DATOS
- Cita de la fuente: Fotev, G. Sot︠s︡iologicheskite teorii na E. Di︠u︡rkem, V. Pareto, M. Veber, 1979 (subj.)
- Información localizada: portada (E. Di︠u︡rkem)
670 ## - FUENTE EN LA QUE SE LOCALIZARON DATOS
- Cita de la fuente: Emile Durkheim, 1990:
- Información localizada: CIP portada (Emile Durkheim) galley (David Emile Durkheim, 1858-1917)
670 ## - FUENTE EN LA QUE SE LOCALIZARON DATOS
- Cita de la fuente: En su obra: Orazdelenii obshchestvennogo truda ; Metod sot︠s︡iologii, 1991:
- Información localizada: portada (Ėmilʹ Di︠u︡rkgeĭm)
670 ## - FUENTE EN LA QUE SE LOCALIZARON DATOS
- Cita de la fuente: BnF Web OPAC, June 9, 2006
- Información localizada: (Durkheim, Émile (1858-1917); b. Apr. 15, 1858; d. Nov. 15, 1917; sociologue)
670 ## - FUENTE EN LA QUE SE LOCALIZARON DATOS
- Cita de la fuente: Jisatsuron, 1968:
- Información localizada: portada (Dyurukēmu) página 13 (Emīru Dryurukēmu)
670 ## - FUENTE EN LA QUE SE LOCALIZARON DATOS
- Cita de la fuente: Sociología, 2012:
- Información localizada: página 7 (Emilio Durkheim) página 4 de la cubierta (Émile Durkheim)
670 ## - FUENTE EN LA QUE SE LOCALIZARON DATOS
- Cita de la fuente: Internet Enciclopedia of Philosophy website, January 26, 2017:
- Información localizada: (Émile Durkheim; born April 1858 in Épinal, located in the Lorraine region of France; professor affiliated with the Sorbonne; died November 1917)
- Uniform Resource Identifier: http://www.iep.utm.edu/durkheim/#H1
670 ## - FUENTE EN LA QUE SE LOCALIZARON DATOS
- Cita de la fuente: Ko je želeo rat?, 2019:
- Información localizada: portada (Emil Dirkem)
680 ## - NOTA PUBLICA DE ACCESO PÚBLICO
- Frase explicativa de la referencia: Sociólogo francés
902 ## - CATALOGADOR
- Catalogador: CAA/120811
902 ## - CATALOGADOR
- Catalogador: NDAF/170822
